000
00362nam a2200157Ia 4500
008
100122s9999 xx 000 0 und d
082
_b
75192
_a
137
100
_a
SHARMA ROBIN S
245
_a
THE GREATNESS GUIDE-1
250
_a
2
260
_c
2008
300
_a
221
630
_a
THE GREATNESS GUIDE-1
730
_a
THE GREATNESS GUIDE-1
942
_c
BOOK
999
_c
391261
_d
391258